000 00819nam a22002417a 4500
003 UA-OsUOA
001 39639
007 ta
008 20080515b un ||||| |||| 00| 0 ukr d
090 _a082
_bП78
942 _cBK
040 _aUA-OsUOA
_bukr
_cUA-OsUOA
_dUA-OsUOA
245 _aПроблеми історії України: факти, судження, пошуки
_bВип. 16: Частина 1
_cНа пошану д.і.н.проф. С.В. Кульчицького
300 _a487 с.
955 _a1
041 _aukr
080 _a082
022 _a0869-2556
260 _aК.
_bІнститут історії України
_c2007
246 3 1 _aМіжвідомчий збірник наукових праць
650 7 _a08 Видання. Колективні праці
_2UDC
999 _c438147
_d438147